One night with a prince / (Registro n. 7537)
[ somente texto ]
| 000 -LÍDER | |
|---|---|
| campo de controle de tamanho fixo | 01512nam a2200229 a 4500 |
| 001 - NÚMERO DE CONTROLE | |
| campo de controle | BS0002477 |
| 003 - IDENTIFICADOR DO NÚMERO DE CONTROLE | |
| campo de controle | BR-BrBNA |
| 005 - DATA E HORÁRIO DA ÚLTIMA TRANSAÇÃO | |
| campo de controle | 20230911141247.0 |
| 008 - CAMPO DE DADOS FIXOS--INFORMAÇÃO GERAL | |
| campo de controle de tamanho fixo | 230308b |||||||| |||| 00| 0 por d |
| 040 ## - FONTE DA CATALOGAÇÃO | |
| Instituição da catalogação original | BR-BrBNA |
| Idioma da catalogação | por |
| Instituição que transcreveu o registro | Biblioteca Nacional de Agricultura |
| 041 ## - CÓDIGO DE IDIOMA | |
| Código do idioma do texto/trilha sonora ou título diferente | por |
| 072 ## - CÓDIGO DE CATEGORIA DE ASSUNTO | |
| Código de Categoria de Assunto | S85 |
| 090 ## - NÚMERO DE CHAMADA LOCAL | |
| Número de chamada | S85 BS0002477 |
| 100 1# - ENTRADA PRINCIPAL--NOME PESSOAL | |
| Nome pessoal | Jeffries, Sabrina. |
| 245 1# - TÍTULO | |
| Título | One night with a prince / |
| 260 3# - PUBLICAÇÃO, DISTRIBUIÇÃO, ETC. | |
| Local de publicação, distribuição, etc. | Nova Iorque: |
| Nome do editor, distribuidor, etc. | Pocket Star Books, |
| Data da publicação, distribuição, etc. | 2005. |
| 300 ## - DESCRIÇÃO FÍSICA | |
| Extensão | 355 p. |
| 520 3# - NOTA DE RESUMO, ETC | |
| Resumo, etc. | Proper Lady Christabel, the Marchioness of Haversham, is desperate to regain some letters that could destroy her - so desperate that she pretends to be the mistress of notorious gaming-club owner Gavin Byrne to accompany him to a scandalous house party where she can reclaim them. But when she agreed to let Byrne coach her on how a true mistress behaves, she never suspected how very persuasive his wicked lessons would be. Gavin is secretly determined to find the letters himself and use them for revenge against the noble sire who abandoned him to grow up in London's worst slums. He's also delighted at how very successful his "mistress lessons" are: it won't be long before the luscious young widow is in his bed. But when Christabel catches Gavin in his own seductive net, he faces a difficult choice: to wreak the vengeance he's planned all his life, or to protect the woman he may - to his own astonishment - need more than revenge., |
| 650 ## - ASSUNTO--TERMO TÓPICO | |
| Cabeçalho tópico ou nome geográfico | LITERATURA AMERICANA |
| 650 ## - ASSUNTO--TERMO TÓPICO | |
| Cabeçalho tópico ou nome geográfico | ROMANCE |
| 942 ## - ELEMENTOS DE ENTRADA ADICIONADOS (KOHA) | |
| Tipo de material Koha | Livros |
| Fonte da classificação ou esquema de arquivamento na estante | Classificação AGRIS |
| Situação do descarte | Fonte da classificação ou esquema de arquivamento na estante | Situação física | Não pode ser emprestado | Coleção | Biblioteca de origem | Biblioteca atual | Total de empréstimos | Número de telefone completo | Código de barras | Data de último acesso | Número do exemplar | Tipo de material Koha | Situação das perdas | Data de aquisição | Fonte de aquisição | Qualificador de local codificado |
|---|---|---|---|---|---|---|---|---|---|---|---|---|---|---|---|---|
| Classificação AGRIS | Acervo Cultural | Biblioteca Nacional de Agricultura - Binagri | Biblioteca Nacional de Agricultura - Binagri | S85 BS0002477 | S85 BS0002477 | 12/04/2023 | 01 | Livros | 2023-04-04 | Doação | S85 |

BINAGRI